Central Library OPAC University of Rajshahi

Silas Marner / (Record no. 85515)

MARC details
000 -LEADER
fixed length control field 00754nam a2200229 a 4500
001 - CONTROL NUMBER
control field 85515
003 - CONTROL NUMBER IDENTIFIER
rucl marc code BD-RjUL
005 - DATE AND TIME OF LATEST TRANSACTION
control field 20250812110343.0
008 - FIXED-LENGTH DATA ELEMENTS--GENERAL INFORMATION
fixed length control field 250812s1915 enk 000 1 eng d
035 ## - SYSTEM CONTROL NUMBER
System control number (BD-RjUL)85515
040 ## - CATALOGING SOURCE
Original cataloging agency DLC
Language of cataloging eng
Transcribing agency DLC
Modifying agency BD-RjUL
041 ## - LANGUAGE CODE
Language code of text/sound track or separate title eng
082 04 - DEWEY DECIMAL CLASSIFICATION NUMBER
Edition number 23
Classification number 823
Author mark and year ELS 1915
100 1# - MAIN ENTRY--PERSONAL NAME
Personal name Eliot, George,
Dates associated with a name 1819-1880.
9 (RLIN) 66949
245 10 - TITLE STATEMENT
Title Silas Marner /
Statement of responsibility, etc. George Eliot ; illustrated by Percy Tarrant
260 ## - PUBLICATION, DISTRIBUTION, ETC. (IMPRINT)
Place of publication, distribution, etc. Bombay :
Name of publisher, distributor, etc. Black & son (india ) ltd.,
Date of publication, distribution, etc. [1915?]
300 ## - PHYSICAL DESCRIPTION
Pagination 312 pages :
Illustrations illustrations ;
Size 16 cm.
600 ## - SUBJECT ADDED ENTRY--PERSONAL NAME
Personal name Eliot, George,
Dates associated with a name 1819-1880
General subdivision Silas Marner
-- Criticism and interpretation.
650 ## - SUBJECT ADDED ENTRY--TOPICAL TERM
Topical term or geographic name as entry element English Novels
Chronological subdivision 19th Century
9 (RLIN) 16577
700 ## - ADDED ENTRY--PERSONAL NAME
Personal name Tarrant, Percy
942 ## - ADDED ENTRY ELEMENTS (KOHA)
Source of classification or shelving scheme Dewey Decimal Classification
Koha item type Books
Holdings
Lost status Source of classification or shelving scheme Damaged status Not for loan Collection code Permanent Location Current Location Shelving location Date acquired Total Checkouts Full call number Date last seen Copy number Koha item type
  Dewey Decimal Classification   Not For Loan Fiction Central Library, University of Rajshahi Central Library, University of Rajshahi Reading Room 12/08/2025   823 ELS 1915 12/08/2025 C-1 Books